00936nam a2200217 i 450000100060000000300090000600500170001500700030003200800410003510000320007624500690010826000640017730000280024149000970026950500450036660000410041183001020045285200240055499900170057895201230059588113ES-MaACL20250809083426.0t|050103s1928 fr ||||1| fre d1 aLafourcade, Georges.96952413aLa jeunesse de Swinburne b: (1837-1867) / cGeorges Lafourcade. aParís : bLes Belles Lettres, c1928 (fPresses Modernes) a2 v. : bil. ; c26 cm.1 aPublications de la Faculté des lettres de l'Université de Strasbourg ; vFascicule 44-458 aContiene: T. 1. La Vie -- T. 2. L'Oeuvre04aSwinburne, Algernon Charles.910894600aPublications de la Faculté des lettres de l'Université de StrasbourgvFascicule 44-459184104 aES-MaACLjA-2186-87 c88113d88113 00104070aATENEOMbATENEOMcSPP1d2008-01-17eSCl0oA-2186-87p1092045r2023-02-23 00:00:00w2023-02-23yMONOGRAFIA